00355nam a22001457a 450000500170000000800410001702000180005804100080007608200100008410000230009424500260011726000430014330000080018665000150019420160430102335.0160430b xxu||||| |||| 00| 0 eng d a81-259-1665-2 aeng b00999 aSubramanyam B.V.R. aConduct in government bVikas Publishing house Pvt. Ltd.c2005 a201 aManagement